| 000 | 00448nam a2200181Ia 4500 | ||
|---|---|---|---|
| 999 |
_c21958 _d21958 |
||
| 001 | 21657 | ||
| 003 | PK-LaUMT | ||
| 005 | 20221209150633.0 | ||
| 008 | 140409s9999 xx 000 0 und d | ||
| 040 | _cPK-LaUMT | ||
| 082 |
_a 613.7 _bMAR-Y |
||
| 100 | _aMarlena smallbone | ||
| 245 |
_aYou can never be too thin _cMarlena smallbone |
||
| 260 | _c1992 | ||
| 500 | _aEntered from the accession register. | ||
| 546 | _aEN | ||
| 942 |
_cSTK2002 _2ddc |
||